000 01691nam a2200373 a 4500
001 ebr10674974
003 CaPaEBR
006 m u
007 cr cn|||||||||
008 100322s2010 nyua sb 001 0 eng d
010 _z 2010012272
020 _z9781616682989 (softcover)
020 _z9781616686994 (e-book)
040 _aCaPaEBR
_cCaPaEBR
035 _a(OCoLC)750173073
050 1 4 _aR857.B54
_bB35 2010eb
082 0 4 _a610.28/4
_222
100 1 _aBaldrich, Eva.
245 1 0 _aPathogen detection methods
_h[electronic resource] :
_bbiosensor development /
_cEva Baldrich and Cristina Garcia-Aljaro.
260 _aHauppauge, N.Y. :
_bNova Science Publishers,
_c2010.
300 _a142 p. :
_bill.
490 1 _aBiotechnology in agriculture, industry and medicine
504 _aIncludes bibliographical references and index.
505 0 _aPathogens at the human environment -- Conventional and rapid methods for pathogen detection -- Biosensors : an alternative to traditional methods -- Biosensors for pathogen detection -- Drawbacks and future trends in pathogen biosensors.
533 _aElectronic reproduction.
_bPalo Alto, Calif. :
_cebrary,
_d2013.
_nAvailable via World Wide Web.
_nAccess may be limited to ebrary affiliated libraries.
650 0 _aBiosensors.
650 0 _aFood
_xMicrobiology.
650 0 _aFood
_xBiotechnology.
655 7 _aElectronic books.
_2local
700 1 _aGarcia-Aljaro, Cristina.
710 2 _aebrary, Inc.
830 0 _aBiotechnology in agriculture, industry and medicine series.
856 4 0 _uhttp://site.ebrary.com/lib/rucke/Doc?id=10674974
_zAn electronic book accessible through the World Wide Web; click to view
999 _c57354
_d57354